Press and the law / (Record no. 65864)

MARC details
000 -LEADER
fixed length control field 00556nam a22001577a 4500
005 - DATE AND TIME OF LATEST TRANSACTION
control field 20120501110757.0
020 ## - INTERNATIONAL STANDARD BOOK NUMBER
Terms of availability 00.00
035 ## - SYSTEM CONTROL NUMBER
System control number A-410060
037 ## - SOURCE OF ACQUISITION
Stock number DPL
Source of stock number/acquisition ENG
100 ## - MAIN ENTRY--PERSONAL NAME
Personal name Grover, A.N.
245 ## - TITLE STATEMENT
Title Press and the law /
Statement of responsibility, etc by A N Grover
260 ## - PUBLICATION, DISTRIBUTION, ETC. (IMPRINT)
Place of publication, distribution, etc New Delhi
Name of publisher, distributor, etc Vikas Publishing House
Date of publication, distribution, etc 1999
300 ## - PHYSICAL DESCRIPTION
Extent viii, 260p.
Dimensions 20 cms.
942 ## - ADDED ENTRY ELEMENTS (KOHA)
Source of classification or shelving scheme Dewey Decimal Classification
Item type English Books
Classification part 323.445
Call number suffix GRO
Holdings
Withdrawn status Lost status Not for loan Collection code Home library Current library Date acquired Cost, normal purchase price Full call number Barcode Cost, replacement price Koha item type
      Non-fiction Sarojini Nagar Sarojini Nagar 01/05/2012 0.00 323.445 GRO A-410060 0.00 English Books

© Delhi Public Library
Hit Counter
free hit counter